| 000 | 00740nam a22002297a 4500 | ||
|---|---|---|---|
| 005 | 20170124110147.0 | ||
| 010 | _aA-806661 | ||
| 020 |
_c00.00 _a8120718399 |
||
| 035 | _aA-806661 | ||
| 037 | _bCen Lib/Ret | ||
| 040 |
_aDPL _bEN |
||
| 082 |
_a616.89156 _bPES |
||
| 100 |
_aPesechkian, N. _933583 |
||
| 245 |
_aPositive family therapy : _cby N.Peseschkian _bthe family as therapist / |
||
| 260 |
_bSteling Publishers _aNew Delhi _c1996 |
||
| 270 |
_aL-110, Green Park Extension _bNew Delhi _e110016 |
||
| 300 |
_ax,337p. : _c19cm(Hb) _bill. |
||
| 500 | _aIncludes bibliographical references and index | ||
| 650 |
_aFamily psychotherapy _933584 |
||
| 650 |
_aFamily Therapy _933585 |
||
| 942 |
_2ddc _cEN _h616.89156 _mPES |
||
| 999 |
_c132056 _d132056 |
||